Ant-Man (2015) Characters - Statistics

General Stats
  • This quiz has been taken 39 times
  • The average score is 9 of 11
Answer Stats
Hint Answer % Correct
Paul Rudd Ant-Man
100%
Michael Douglas Henry Pym
97%
Evangeline Lilly Hope Van Dyne
97%
Anthony Mackie Falcon
94%
Chris Evans Steve Rogers
90%
Sebastian Stan Winter Soldier
90%
Stan Lee Himself
84%
Hayley Atwell Peggy Carter
84%
Corey Stoll Yellowjacket
74%
Michael Pena Luis
65%
John Slattery Howard Stark
45%
No matching quizzes found
Score Distribution
Percent of People with Each Score
Percentile by Number Answered
Your Score History
You have not taken this quiz